Music Quiz

Random Music or Lyrics Quiz

What Made America Famous? Quiz Stats

 Plays Quiz not verified by Sporcle

Challenge
Share
Tweet
Embed
Score 0/10 Timer 03:00
0 Plays Today
What? % Correct
Of the America
54.5%
It was the town
18.2%
They were the folks
18.2%
We were the kids
18.2%
It was the fire
18.2%
We lived in the house
0%
We all lived the life
0%
And then came the night
0%
I shook his hand in the scene
0%
I went to sleep with the hope
0%

You're not logged in!

Compare scores with friends on all Sporcle quizzes.
Join for Free
OR
Log In

You Might Also Like...

Show Comments

Extras

Created Oct 8, 2010SourceReportNominate
Tags:Lyrics Quiz, America

Top Quizzes Today


Score Distribution

Your Account Isn't Verified!

In order to create a playlist on Sporcle, you need to verify the email address you used during registration. Go to your Sporcle Settings to finish the process.

Report this User

Report this user for behavior that violates our Community Guidelines.

Details: